LEADER 01113nam a2200253 u 4500 001 000000089468 003 CaOOAMICUS 005 20070226124623.0 008 051121s1960 it u000 u ita u 035 $a11069751 040 $aPUL(R)$bita 041 1 $aita$hger 100 1 $aJedin, Hubert,$csac.,$d1900-1980.$0(OLS)http://pul/name/4262 240 10$aKleine Konziliengeschichte.$lItaliano.$0(OLS)http://pul/title/96552 245 10$aBreve storia dei concili :$bi venti concili ecumenici nel quadro della storia della Chiesa /$cHubert Jedin. 260 $aRoma :$bHerder,$c1960. 300 $a222 p. ;$c20 cm 504 $aComprende indicazioni bibliografiche. 650 4$aConcili e sinodi$xStoria.$0(OLS)http://pul/subject/56 850 $aPUL 852 $aPUL$W1$xDP1 Fondo Pastorale$y55$mP12 D 6$j113102$nBK-PRI$qFondi$B113102$CPULBib$Z2$F113102 $HPUL1964 $81 941 1 $a1 996 $6245$aBreve storia dei concili :$bi venti concili ecumenici nel quadro della storia della Chiesa$9(OLS)http://pul/title/115534 996 $6260$aRoma :$bHerder$9(OLS)http://pul/publisher/47913 LEADER 01036nam a2200277 a 4500 001 000000133827 003 CaOOAMICUS 005 20130508141815.0 008 130508s1998 it u000 u ita r 020 $a88-15-06621-7 040 $aPUL$bita 100 1 $aLevi, Arrigo,$d1926-$0(OLS)http://pul/name/40796 245 10$aRapporto sul Medio Oriente /$cArrigo Levi. 260 $aBologna :$bIl Mulino,$cİ1998. 300 $a166 p. ;$c21 cm 490 1 $aContemporanea ;$v101 651 4$aMedio Oriente$xStoria.$0(OLS)http://pul/subject/1714 830 0$aContemporanea ;$v101.$0(OLS)http://pul/title/39385 850 $aPUL 852 $aPUL$W1$xDP1 Fondo E. Rossi$y115$m1 L 37$j153823$qFondi$B153397$CPULBib$Z2$F153397 $82 941 1 $a1 961 $aSul dorso collocazione ms. di E. Rossi: L 21 2 996 $6020$a88-15-06621-7$9(OLS)http://pul/number/152641 996 $6245$aRapporto sul Medio Oriente$9(OLS)http://pul/title/169178 996 $6260$aBologna :$bIl Mulino$9(OLS)http://pul/publisher/47928